000
00353nam a2200157Ia 4500
003
OSt
005
20240304120132.0
008
170523s9999 xx 000 0 und d
020
_a
978-8120301290
040
_c
IIMTU
100
_a
FAYERWEAHES- JOHN
245
0
_a
INTERNATIONAL MARKETING
260
_b
NEW DELHI PHI
260
_c
1970
942
_2
ddc
_c
02
999
_c
891
_d
891